000 00757nam a22002531 4500
001 18257
003 BD-RjUL
005 20211209000247.0
008 140220s1963 enkach 000 0deng
035 _a(BD-RjUL)18315
035 _a(OCoLC)2870189
040 _aDLC
_cScU
_dUk
_dDLC
_dBD-RjUL
_beng
041 _aeng
082 _a793.3
_bIZN 1963
100 1 _aIzbicki, John.
_956197
245 1 4 _aThe naked heroine :
_bthe story of Lydia Lova /
_cJohn Izbicki
260 _aLondon :
_bN. Spearman ,
_cc1963.
300 _aix, 189 p. :
_bill.,facsims., ports. ;
_c22 cm.
600 1 0 _aLova, Lydia,
_d1925-
_956209
650 0 _aWorld War, 1939-1945
_xPrisoners and prisons, German.
_915793
942 _2ddc
_cBK
999 _c18257
_d18257